000 00818cab a2200241 4500
001 ABS59679
008 090401t1998 xxu||||| |||| 00| 0 eng d
035 _a(Sirsi) u99614
041 _aeng
100 _aCrumpler, A.
245 _aDon`t skimp on a new site survey before you build
260 _c1998
350 _a0
490 _aCSM
_bChartered Surveyor Monthly
_v8(3-4) November/December 1998, 52(1)
520 _aAccurate surveys and site investigations at the start of a project can benefit both designers and contractors. Looks at the most efficient way to plan and use surveys at different stages of construction.
650 _aLAND SURVEYING
650 _aSITE INVESTIGATION
650 _aSITE SURVEYS
650 _aTOPOGRAPHY
690 _aLAND SURVEYING
942 _n0
948 _c30/11/1998
999 _c59929
_d59929